The influences of socio-economic status, entry style and instructional variables on the learning of mathematics in a neo-literate society (Record no. 70395)

MARC details
000 -CABECERA
campo de control de longitud fija 00586nam a2200181 a 4500
005 - FECHA Y HORA DE LA ÚLTIMA TRANSACCIÓN
campo de control 20210219153159.0
008 - ELEMENTOS DE LONGITUD FIJA--INFORMACIÓN GENERAL
campo de control de longitud fija 991125n 000 0 eng u
035 ## - NÚMERO DE CONTROL DEL SISTEMA
Número de control de sistema UPN01000082586
100 1# - ASIENTO PRINCIPAL--NOMBRE PERSONAL
Nombre de persona Kaeley, Gurcharn S.
222 ## - TÍTULO CLAVE
Título clave EDUCATIONAL STUDIES IN MATHEMATICS
245 ## - MENCIÓN DE TÍTULO
Título The influences of socio-economic status, entry style and instructional variables on the learning of mathematics in a neo-literate society
300 ## - DESCRIPCIÓN FÍSICA
Extensión 319-350
362 0# - FECHAS DE PUBLICACIÓN Y/O DESIGNACIÓN SECUENCIAL
Fecha de publicación y/o designación secuencial 1990 Vol. 21, no. 4
653 0# - TERMINO DE INDIZACION - NO CONTROLADO
Término no controlado MATEMATICA
653 0# - TERMINO DE INDIZACION - NO CONTROLADO
Término no controlado METODOS DE ENSEÑANZA
904 ## - ELEMENTOS DE DATOS D LOCAL, LDD (RLIN)
a AC
b 020397
905 ## - TIPO DE MATERIAL
Tipo de material Articulo

No items available.